Persuasión de los días /
Guardado en:
| Autor Principal: | |
|---|---|
| Otros Autores: | |
| Formato: | Libro |
| Publicado: |
Buenos Aires :
Losada
|
| Edición: | 2a. ed. |
| Series: | Biblioteca Clásica Contemporánea
|
| Materias: | |
| Etiquetas: |
Agregar Etiqueta
Sin Etiquetas, Sea el primero en etiquetar este registro!
|
| LEADER | 00707nam a22002415a 4500 | ||
|---|---|---|---|
| 001 | CEM.cems009276 | ||
| 005 | 20070720155124.0 | ||
| 008 | 130507b######################000#0#####d | ||
| 003 | CEMS | ||
| 020 | |a 9500304627 | ||
| 082 | 0 | 4 | |a A861.4 |
| 100 | 1 | |a Girondo, Oliverio | |
| 245 | 1 | 0 | |a Persuasión de los días / |c Oliverio Girondo ; prólogo de Enrique Molina |
| 250 | |a 2a. ed. | ||
| 260 | |a Buenos Aires : |b Losada | ||
| 300 | |a 122 p. | ||
| 490 | 0 | |a Biblioteca Clásica Contemporánea | |
| 653 | |a Literatura | ||
| 653 | |a Literatura argentina | ||
| 653 | |a Poesías | ||
| 653 | |a Poesías argentina | ||
| 700 | 1 | |a Molina, Enrique, prol. | |
| 859 | |a CEMS |b BIB. CEMS - 11 de abril |h A861.4 |i G444-1a2 |p 18849.96 |t Ej.1 | ||
